000 00285nam a22001337a 4500
008 170324b xxu||||| |||| 00| 0 eng d
020 _a9780789406088
041 _aeng
080 _a615.82
100 _a8
101 _aSHM
245 _aCHRONICLE OLYMPICS
_cLAING.J
942 _2udc
_cBK
999 _c8588
_d8588